Statistics for Memphis Grizzlies 2017-18 Roster

Click here to take the quiz!

General Stats

  • This quiz has been taken 46 times
  • The average score is 9 of 18

Answer Stats

NbrPostPlayer% Correct
11GuardMike Conley
97%
33CenterMarc Gasol
97%
24Forward-GuardDillon Brooks
71%
0ForwardJaMychal Green
65%
-Head CoachDavid Fizdale
55%
25ForwardChandler Parsons
52%
12Guard-ForwardTyreke Evans
45%
34Forward-CenterBrandan Wright
45%
21Center-ForwardDeyonta Davis
42%
5GuardAndrew Harrison
42%
23GuardBen McLemore
42%
8ForwardJames Ennis III
39%
6GuardMario Chalmers
39%
7Guard-ForwardWayne Selden
39%
1ForwardJarell Martin
32%
10ForwardIvan Rabb
26%
2GuardKobi Simmons
23%
32ForwardVince Hunter
16%

Score Distribution

Percentile by Number Answered

Percent of People with Each Score

Your Score History

You have not taken this quiz